000 00387nam a2200181Ia 4500
005 20250603145938.0
008 250603s9999 xx 000 0 und d
020 _a0582642663
050 _aPR 9387.9 .O38/
100 _aOkpewho, Isidore
245 4 _aThe victims
260 _aAbuja
260 _bLongman
260 _c1970
300 _a200 p
650 _aAbuja
942 _cBK
999 _c43320
_d43320